| 000 | 00575nam a2200097Ia 4500 | ||
|---|---|---|---|
| 008 | 170517s9999 xx 000 0 und d | ||
| 245 | 4 | _aThe Marketing of Madness: Are We All Insane? | |
| 300 |
_aThe Marketing of Madness is the definitive documentary on the psychiatric drugging industry. Here is the real story of the high income partnership between psychiatry and drug companies that has created an _80 billion psychotropic drug profit centre. But appearances are... |
||
| 650 | _xTechnology. | ||
| 856 | _uhttp://topdocumentaryfilms.com/marketing-of-madness-are-we-all-insane/ | ||
| 999 |
_c335115 _d335115 |
||